50 Highest rated FIFA 21 players - Statistics

General Stats
  • This quiz has been taken 52 times
  • The average score is 28 of 50
Answer Stats
Rating Answer % Correct
93 Messi
100%
92 Ronaldo
98%
91 Lewandowski
93%
91 Neymar
93%
90 Salah
93%
90 Mbappe
91%
90 Mane
87%
90 Van Dijk
84%
89 Aguero
82%
90 Alisson
82%
91 De Bruyne
80%
87 Modric
80%
89 Neuer
80%
89 Benzema
73%
89 Courtois
73%
88 Kane
73%
88 Kroos
71%
88 Ederson
69%
87 Son
69%
90 Ter Stegen
69%
89 Casemiro
64%
91 Oblak
62%
87 Suarez
62%
88 Kimmich
60%
87 Robertson
60%
88 Dybala
58%
87 Firmino
58%
87 Griezmann
58%
86 Muller
58%
88 Sterling
53%
87 Di Maria
51%
88 Hazard
47%
87 Busquets
44%
87 Chiellini
44%
88 Kante
44%
87 Aubameyang
40%
87 Sancho
40%
87 Alexander-Arnold
38%
87 Fabinho
38%
87 Lloris
38%
88 Handanovic
31%
87 Laporte
29%
86 Vardy
29%
87 Szczesny
27%
87 Immobile
24%
88 Koulibaly
13%
87 B. Fernandes
2%
87 B. Silva
0%
87 K. Navas
0%
89 S. Ramos
0%
No matching quizzes found
Score Distribution
Percent of People with Each Score
Percentile by Number Answered
Your Score History
You have not taken this quiz